00589nam a2200193Ia 4500003000900000008004100009040001300050040001300063041000800076100002000084245003200104260001400136260000900150300000800159490000600167942000700173999001700180952019800197IT-RoPAU120407s9999 xx 000 0 und d aIT-RoPAU cIT-RoPAU aita aAntonio Rosmini aIntroduzione alla filosofia aCappelli  c1948 c cm v1 cBK c13649d13649 00102ddc406195_00000000000000071aPAULUSbPAULUSd2012-04-11l0o195.0r2012-04-11 00:00:00w2012-04-11yBKzInserito da: Mario In data: 02 settembre 2011 fondo: Via A.Severo 56 Progr:15697